Statistics for Jacques Tati Films

Click here to take the quiz!

General Stats

  • This quiz has been taken 53 times
  • The average score is 5 of 6

Answer Stats

YearFilm% Correct
1958Mon Oncle
95%
1967Playtime
95%
1953M. Hulot's Holiday
80%
1971Trafic
75%
1949Jour de Fete
66%
1974 (TV)Parade
48%

Score Distribution

Percentile by Number Answered

Percent of People with Each Score

Your Score History

You have not taken this quiz